|
|
|
|
| LEADER |
01197nam a22002892a 4500 |
| 001 |
000121474 |
| 003 |
CZ BrMZK |
| 005 |
20130625155831.0 |
| 007 |
ta |
| 008 |
970107s1971 xr f cze d |
| 015 |
|
|
|a cnb000430009
|
| 035 |
|
|
|a (OCoLC)42178869
|
| 040 |
|
|
|a BOA001
|b cze
|
| 100 |
1 |
|
|a Kolek, Antonín,
|d 1895-1983
|7 jn19981228086
|
| 245 |
1 |
0 |
|a Proti nim.
|n [Díl] 3,
|p Opuštěná země /
|c Antonín Kolek
|
| 246 |
3 |
0 |
|a Opuštěná země
|
| 250 |
|
|
|a 1. vyd.
|
| 260 |
|
|
|a Brno :
|b Blok,
|c 1971
|
| 300 |
|
|
|a 455 s.
|
| 500 |
|
|
|a Dostupné též v digitální podobě v aplikaci Kramerius
|
| 856 |
4 |
1 |
|u http://www.digitalniknihovna.cz/mzk/uuid/uuid:03ad8610-2142-11e5-b44d-005056827e51
|y Digitalizovaný dokument
|x NDK
|
| 910 |
|
|
|a BOA001
|b PK-0061.346,3
|b 2-0664.273
|
| 964 |
|
|
|a Morava - Bočkovci - vpády - romány historické
|
| 990 |
|
|
|a BK
|
| 996 |
6 |
|
|b 2619003633
|c 2-0664.273
|l Sklad H1
|r Sklad / do 24 hodin
|n 0
|h HS212
|w 000121474
|u 000020
|a 1
|e BOA001
|j MZK50
|s P
|
| 996 |
7 |
|
|b 2619003634
|c 2-0664.273
|l Sklad H1
|r Sklad / do 24 hodin
|n 0
|h HS212
|w 000121474
|u 000030
|a 1
|e BOA001
|j MZK50
|s A
|
| 996 |
7 |
|
|b 3119956982
|c PK-0061.346,3
|l MZK
|r Sklad / do 1 hodiny
|n 6
|w 000121474
|u 000010
|a 1
|e BOA001
|j MZK50
|s A
|